| 000 | 01180nam a2200241Ia 4500 | ||
|---|---|---|---|
| 999 |
_c37667 _d37667 |
||
| 001 | 3639 | ||
| 003 | GE_BSU | ||
| 005 | 20190520161357.0 | ||
| 008 | 181216s1974||||ge |||||||||||||| ||geo|| | ||
| 040 | _cGE_BSU | ||
| 041 | _ageo | ||
| 080 | _a528.48(075.8):622.1 თ–40 | ||
| 100 |
_aთევზაძე,ნ. _91425 |
||
| 245 |
_aსაინჟინრო გეოდეზია : 10 ნაწილად. წ. 2 : სფეროიდული, სფერული და სიბრტყისმიერი გეოდეზიის ელემენტები / _cნ. თევზაძე ; რედ : პ.ლაბარტყავა. |
||
| 264 |
_aთბილისი : _bგანათლება, _c1974. |
||
| 300 |
_a334 გვ .: _c26 სმ. |
||
| 504 | _aბიბლიოგრაფია: გვ. 332-333. | ||
| 653 | _aსაინჟინრო გეოდეზია | ||
| 653 | _aსფეროიდული გეოდეზია | ||
| 653 | _aსიბრტყისმიერი გეოდეზია | ||
| 700 |
_aლაბარტყავა. პ _eრედაქტორი _9523 |
||
| 942 |
_cBK _2udc |
||